| 000 | 00962nam a2200313 b 4500 | ||
|---|---|---|---|
| 001 | 0000602 | ||
| 003 | DO-SdBPM | ||
| 005 | 20250211121755.0 | ||
| 007 | 0000602 | ||
| 008 | 050617 2006 sp spa | ||
| 017 |
_a _b |
||
| 020 | _a108446017296 | ||
| 020 | _a9788446017295 | ||
| 035 | _a | ||
| 040 |
_aDO-SdBPM _bspa _cBPMSU _e |
||
| 082 | 4 |
_a808.81 _bD679e 2006 _222 |
|
| 245 | 0 | 0 |
_a¿Dónde está el niño que yo fui? : _bpoemas para leer en la escuela / _cedición Pedro C. Cerrillo Torremocha _h |
| 260 |
_aMadrid : _bAkal, _c2006. |
||
| 300 |
_a175 p. : _bil. ; _c22 cm |
||
| 490 | 0 |
_aAkal ; _aliteraturas, _v15 |
|
| 590 | _aInventariado, 2025/VM | ||
| 650 | 4 |
_aPoesía infantil _vColecciones |
|
| 650 | 4 |
_aPoesía _xHistoria y crítica |
|
| 650 | 4 |
_aPoesías hispanoamericanas _v |
|
| 650 | 4 | _aLibros infantiles | |
| 700 | 1 |
_aCerrillo Torremocha, Pedro C. _eeditor |
|
| 910 | _aVMateo V. Control de calidad. BPMSU | ||
| 942 |
_2ddc _cBK |
||
| 999 |
_c11131 _d11131 |
||